000 00342 a2200157 4500
001 71434
020 _a8532226809
040 _cAnchieta - Colégio São Paulo
100 _aBernardinho, Adriana
240 1 0 _aHermafrodito
_lpor
245 1 0 _aHermafrodito
300 _a16
362 0 _a1997
650 4 _aLiteratura infantil
942 _cBK
999 _c71434
_d71434